000 00798nam0a22002411 4500
001 rc\722502
005 20250621230051.0
010 _a5-88421-018-3
_95000
035 _a(NLR Aleph) 005965772
090 _a6892818
_c6892818
100 _a20031121d1997 |||y0rusy50 ca
101 0 _arus
102 _aRU
105 _aa |||||||||
200 1 _aЗдесь вся моя жизнь...
_fВасилий Мачуга
_gОбщерос. обществ. движение "Реформы - новый курс"
210 _aМ.
_cПерсей
_d1997
215 _a176 с., [8] л. ил., портр.
_d17
700 1 _aМачуга
_bВ.Н.
_f1951-1996
_gВасилий Николаевич
801 0 _aRU
_bNLR
_gpsbo
801 1 _aRU
_bELAR
_2rusmarc
852 _aNLR
_j97-2/1413
942 _cBOOK
980 _aNB